000 01069cam a22003614a 4500
001 16086015
003 OSt
005 20260218020003.0
008 100204s2011 stka b 001 0 eng
010 _a 2010005022
015 _aGBB099734
_2bnb
016 7 _a101524087
_2DNLM
016 7 _a015630990
_2Uk
020 _a9780443072321
020 _a0443072329
020 _a9780443072338 (international)
020 _a0443072337 (international)
035 _a(OCoLC)ocn506151482
040 _aDNLM/DLC
_cDLC
_dYDX
_dNLM
_dUKM
_dYDXCP
_dDLC
042 _apcc
050 0 0 _aRS403
_b.P47 2011
060 0 0 _a2011 D-399
082 _aQV 744
_bP494w 2011
100 _aEdited by David G. Watson.
_912690
245 0 0 _aPharmaceutical Chemistry
260 _aEdinburgh :
_bChurchill Livingstone,
_c2011.
300 _aix, 641 p. :
_bill. ;
_c25 cm.
504 _aIncludes bibliographical references and index.
650 _aPharmaceutical chemistry
_9283
650 _aPharmacy
_912691
906 _a7
_bcbc
_corignew
_d1
_eecip
_f20
_gy-gencatlg
942 _2z
_cSLOAN
_01
999 _c5929
_d5929